000 00263nam a2200121 i 4500
001 bg
245 0 _aMały słownik encyklopedyczny.
260 _aWrocław,
_c1981.
040 _cBPK
041 _apol
942 _cKS
008 s pl f |000 0 pol
999 _c19956
_d19956
856 _uhttp://koha.tu.koszalin.pl/cgi-bin/koha/opac-detail.pl?biblionumber=19956
_yKatalog online BPK